Statistics for Most Expensive Buildings

Click here to take the quiz!

General Stats

  • This quiz has been taken 7 times
  • The average score is 2 of 10

Answer Stats

RankNominal Cost (US$)CountryAnswer% Correct
74.10 billionUAEBurj Khalifa
100%
93.80 billionUSAOne World Trade Center
71%
115.00 billionSaudi ArabiaAbraj-Al Bait
29%
55.00 billionUSAApple Park
0%
210.70 billionGermanyBerlin Brandenburg Airport
0%
103.00 billionUAEEmirates Palace
0%
45.50 billionSingaporeMarina Bay Sands
0%
39.06 billionFinlandOlkiluoto Nuclear Power Plant (Unit 3)
0%
64.93 billionSingaporeResorts World Sentosa
0%
83.90 billionUSAThe Cosmopolitan
0%

Score Distribution

Percentile by Number Answered

Percent of People with Each Score

Your Score History

You have not taken this quiz